000 00311nam a22001337a 4500
082 _a823
_bIYE/F
100 _aIYENG, VANDANA
245 _aFOLK TALES FOR CHILDREN
_bSHORT STORY
260 _aBANGALORE
_bVASAN PUBLICATIONS
_c2008
300 _a165
520 _aSHORT STORY
650 _aSHORT STORY
942 _cBK
999 _c3915
_d3915